LEADER 02733nam a2200313 i 4500 001 000000367497 003 CaOOAMICUS 005 20260428120341.0 008 260428s2026 gw u100 u ger u 020 $a978-3-451-02346-0 040 $aSeMil$bita 111 2 $aTagung der Arbeitsgemeinschaft katholischer Neutestamentlerinnen und Neutestamentler$c.$0(OLS)http://semarc/name/124264 245 10$aEmotion und Exegese :$bneutestamentliche Bibelwissenschaft angesichts des "affective turn" /$cherausgegeben von Konrad Huber, Andrea Taschl-Erber und Wolfgang Grünstäudl. 264 1$aFreiburg ; Basel ; Wien :$bHerder,$c2026. 300 $a256 p. ;$c22 cm 490 1 $aQuaestiones disputatae ;$v346 505 20$aContiene: Dynamiken des Zorns : Emotionen, Emotionsforschung und das Neue Testament / Neumann, Nils. -- Liebe (?????) im Brief : zum Verhältnis von Pathos, Ethos und Logos bei Paulus / Becker, Eve-Marie. -- Poröse Körper, brennende Herzen und die Eingeweide Jesu : exegetische Beobachtungen zum Zusammenhang von Emotion und Körper(lichkeit) im Rahmen von Figurencharakterisierungen in synoptischen Jesuserzählungen / Lau, Markus. -- Ein emotionaler Jesus? : Anmerkungen zu den gefühlsstarken Reaktionen in Joh 11 / Poplutz, Uta. -- "Sei kein zahmes Tier!" (Silv 1,16) : Freimut und Furcht im Hebräerbrief : mit einem Seitenblick auf die Lehren des Silvanus / Eisele, Wilfried. -- Ausgeflippt für Gott? : emotional konnotierte Reflexe auf Gotteskontakte in den protopaulinischen Briefen / Nassauer, Gudrun. -- Gefühlte Gerechtigkeit : biblische Perspektiven auf die Beziehungen von Emotion und Ethik / Müllner, Ilse. -- Figuren des Hasses zwischen Literatur, Religion und Politik/ Wagner-Egelhaaf, Martina 650 4$aBibbia. Nuovo Testamento - Atti di congressi.$0(OLS)http://semarc/subject/60120 650 4$aBibbia. Nuovo testamento - Tema [delle] Emozioni.$0(OLS)http://semarc/subject/60122 700 1 $aTaschl-Erber, Andrea,$d<1971- >.$0(OLS)http://semarc/name/124265 700 1 $aHuber, Konrad,$d<1965- >.$0(OLS)http://semarc/name/81460 700 1 $aGrünstäudl, Wolfgang,$d<1977- >.$0(OLS)http://semarc/name/124266 830 0$aQuaestiones disputatae ;$v346.$0(OLS)http://semarc/title/436628 850 $aSeMil 852 $aSeMil$W1$xVenegono$y1$m2TA J 346$j271104$B258189$CSeMilBibl$Z2$F258189 $81 996 $6020$a978-3-451-02346-0$9(OLS)http://semarc/number/305776 996 $6245$aEmotion und Exegese :$bneutestamentliche Bibelwissenschaft angesichts des "affective turn"$9(OLS)http://semarc/title/459445 996 $6264$aFreiburg ; Basel ; Wien :$bHerder$9(OLS)http://semarc/publisher/29643